000 00799nam a2200193Ia 4500
008 0000002012 sp ad 0000000000spa00
090 _aPSP00 F72r
100 1 _aFreijo Mouliaa, Angustias
245 1 3 _aEl romanticismo en José Duarte
_c/ comisario y textos de Angustias Freijo ; fotografías Pablo Duarte
300 _a22 p.
_c/ 21 cm.
500 _aExposición realizada en Freijo Fine Art de Madrid entre enero y marzo de 2012 \ Incluye cronología artística \ Donación de Carlos Jiménez, 2012
600 0 0 _a DUARTE, JOSE, 1928/
_xTRABAJOS PICTORICOS
650 1 4 _a PINTURA ESPAÑOLA
650 1 4 _aARTISTAS PLASTICOS ESPAÑOLES
650 1 4 _xCATALOGOS
650 1 4 _aCUERPO HUMANO EN LA PINTURA
650 1 4 _xEXPOSICIONES
999 _c14207
_d14207
260 _aMadrid : Freijo Fine Art
_c2012